Management (Record no. 301706)

MARC details
000 -LEADER
fixed length control field 00443nam a2200169Ia 4500
008 - FIXED-LENGTH DATA ELEMENTS--GENERAL INFORMATION
fixed length control field 230718s9999 xx 000 0 und d
041 ## - LANGUAGE CODE
Language code of text/sound track or separate title eng
082 ## - DEWEY DECIMAL CLASSIFICATION NUMBER
Classification number 658
Item number WEI
100 ## - MAIN ENTRY--PERSONAL NAME
Personal name Weihrich H.
9 (RLIN) 109450
245 ## - TITLE STATEMENT
Title Management
Remainder of title A Global Perspective
250 ## - EDITION STATEMENT
Edition statement 10 th
260 ## - PUBLICATION, DISTRIBUTION, ETC. (IMPRINT)
Date of publication, distribution, etc. 1993
Name of publisher, distributor, etc. McGraw Hill
300 ## - PHYSICAL DESCRIPTION
Extent 744
365 ## - TRADE PRICE
Currency code Rs.
Price amount 987.50
700 ## - ADDED ENTRY--PERSONAL NAME
Personal name Weihrich H. & Koontz H.
9 (RLIN) 109451
906 ## - LOCAL DATA ELEMENT F, LDF (RLIN)
d B:21530-Jun-2001
c MGMT
b 148.125
Holdings
Withdrawn status Lost status Damaged status Not for loan Home library Current library Date acquired Vendor Budget Code Cost, normal purchase price Bill number Total Checkouts Full call number Barcode Date last seen Discount Cost, replacement price Bill Date Koha item type Original Barcode
        Cummins College of Engineering for Women Pune Cummins College of Engineering for Women Pune 05/07/2001 Shree Navjeevan Agency MGMT 839.38 215   658 CCEP-BK-12912 18/07/2023 148.125 987.50 30/06/2001 Books 012912